Atoms in electromagnetic fields (Record no. 12839)

MARC details
000 -LEADER
fixed length control field 00654nam a2200205Ia 4500
003 - CONTROL NUMBER IDENTIFIER
control field IN-BaIIA
008 - FIXED-LENGTH DATA ELEMENTS--GENERAL INFORMATION
fixed length control field 211028s9999 xx 000 0 eng d
020 ## - INTERNATIONAL STANDARD BOOK NUMBER
International Standard Book Number 981-02-1243-7
040 ## - CATALOGING SOURCE
Transcribing agency IIA Library
080 ## - UNIVERSAL DECIMAL CLASSIFICATION NUMBER
Universal Decimal Classification number 539.1
Item number COH
100 ## - MAIN ENTRY--PERSONAL NAME
Personal name Cohen-Tannoudji, C.
9 (RLIN) 20290
245 #0 - TITLE STATEMENT
Title Atoms in electromagnetic fields
Statement of responsibility, etc. C. Cohen-Tannoudji
260 ## - PUBLICATION, DISTRIBUTION, ETC.
Place of publication, distribution, etc. Singapore
Name of publisher, distributor, etc. World Scientific
Date of publication, distribution, etc. 1994
300 ## - PHYSICAL DESCRIPTION
Extent xiv, 670p.
490 ## - SERIES STATEMENT
Series statement World scientific series on atomic, molecular and optical phy
650 ## - SUBJECT ADDED ENTRY--TOPICAL TERM
Topical term or geographic name entry element Atomic physics
9 (RLIN) 1547
650 ## - SUBJECT ADDED ENTRY--TOPICAL TERM
Topical term or geographic name entry element Atoms
9 (RLIN) 1137
650 ## - SUBJECT ADDED ENTRY--TOPICAL TERM
Topical term or geographic name entry element Electromagnetic fields
9 (RLIN) 2908
942 ## - ADDED ENTRY ELEMENTS (KOHA)
Koha item type Books
Holdings
Withdrawn status Lost status Damaged status Not for loan Home library Current library Shelving location Date acquired Cost, normal purchase price Total Checkouts Full call number Barcode Date last seen Cost, replacement price Price effective from Koha item type Purchase Price
        IIA Library-Bangalore IIA Library-Bangalore General Stacks 18/01/1999 1573.00   539.1/ COH 13756 05/11/2021 1573.00 18/01/1999 Books Rs. 1573.00

Powered by Koha